Planificación, diseño y presupuesto preliminar del Centro Recreacional La Rosita

Gorde:
Xehetasun bibliografikoak
Egile nagusia: Rojas Montealegre, Carlos Roberto
Formatua: Ezezaguna
Argitaratua: [San José, Costa Rica] 1980
Etiketak: Etiketa erantsi
Etiketarik gabe, Izan zaitez lehena erregistro honi etiketa jartzen!

MARC

LEADER 00000 a2200000 4500
003 000506
005 20221231143740.0
008 140114s1980 cr a m 000 ||s d
040 |c cru CEDI 
090 |a TFG 939 
100 |a Rojas Montealegre, Carlos Roberto  |9 16056 
245 |a Planificación, diseño y presupuesto preliminar del Centro Recreacional La Rosita 
260 |c 1980  |a [San José, Costa Rica] 
300 |a [91] hojas : ilustraciones ; 28 cm  
500 |a  Tesis (ingeniero civil)--Universidad de Costa Rica.  
942 |c TFG 
999 |c 11215  |d 11215